The Political Economy of Hunger; (Record no. 202297)

MARC details
000 -LEADER
fixed length control field 00708 a2200229 4500
005 - DATE AND TIME OF LATEST TRANSACTION
control field 20240419130345.0
010 ## - LCCN (DPL NO)
LC control number B-758653
020 ## - INTERNATIONAL STANDARD BOOK NUMBER
International Standard Book Number 9780195649635
Terms of availability 495.00
035 ## - SYSTEM CONTROL NUMBER
System control number B-758653
037 ## - SOURCE OF ACQUISITION
Source of stock number/acquisition Gift/Unesco
082 ## - DEWEY DECIMAL CLASSIFICATION NUMBER
Classification number 338.954
245 ## - TITLE STATEMENT
Title The Political Economy of Hunger;
Remainder of title Selected Essays/
Statement of responsibility, etc Edited by- Jean Dreze, Amartya Sen [and] Athar Hussain
260 ## - PUBLICATION, DISTRIBUTION, ETC. (IMPRINT)
Place of publication, distribution, etc New York
Name of publisher, distributor, etc Oxford
Date of publication, distribution, etc 1995
270 ## - ADDRESS
Address New York
300 ## - PHYSICAL DESCRIPTION
Extent 626p.;
Dimensions 22cm. (Pbk)
500 ## - GENERAL NOTE
General note Index
700 ## - ADDED ENTRY--PERSONAL NAME
Personal name Dreze, Jean
9 (RLIN) 64944
700 ## - ADDED ENTRY--PERSONAL NAME
Personal name Sen, Amartya
9 (RLIN) 64945
700 ## - ADDED ENTRY--PERSONAL NAME
Personal name Hussain, Athar
9 (RLIN) 64946
942 ## - ADDED ENTRY ELEMENTS (KOHA)
Institution code [OBSOLETE] dpl
Item type English Books
Source of classification or shelving scheme Dewey Decimal Classification
Classification part 338.954
Call number suffix THE
Holdings
Withdrawn status Lost status Not for loan Collection code Home library Current library Date acquired Source of acquisition Cost, normal purchase price Full call number Barcode Copy number Cost, replacement price Koha item type Public note
      Non-fiction Janak Puri Janak Puri 19/04/2024 Gift/4.4.24 495.00 338.954 THE B-758653 1 495.00 English Books Gift

© Delhi Public Library
Hit Counter
free hit counter